Engendering the early household : (Record no. 61114)

MARC details
000 -LEADER
fixed length control field 01659nam a22002417a 4500
005 - DATE AND TIME OF LATEST TRANSACTION
control field 2012011800370.0
010 ## - LCCN (DPL NO)
LC control number B-445522-526
020 ## - INTERNATIONAL STANDARD BOOK NUMBER
International Standard Book Number 9788125032328
Terms of availability 750.00
037 ## - SOURCE OF ACQUISITION
Stock number dpl
Source of stock number/acquisition Allied Pub/Ven
082 ## - DEWEY DECIMAL CLASSIFICATION NUMBER
Classification number 394.50954
100 ## - MAIN ENTRY--PERSONAL NAME
Personal name Tyagi, Jaya
245 ## - TITLE STATEMENT
Title Engendering the early household :
Remainder of title brahmanical precepts in the early grhyasutras, middle of the first millenium B.C.E.
Statement of responsibility, etc by Jaya Tyagi /
260 ## - PUBLICATION, DISTRIBUTION, ETC. (IMPRINT)
Place of publication, distribution, etc Hyderabad
Name of publisher, distributor, etc Orient Longman
Date of publication, distribution, etc 2008
270 ## - ADDRESS
Address 3-6-752 Himayatnagar
City Hyderabad
Postal code 500029 (A.P.)
300 ## - PHYSICAL DESCRIPTION
Extent 377p.
Dimensions 22cm(Hb)
942 ## - ADDED ENTRY ELEMENTS (KOHA)
Source of classification or shelving scheme Dewey Decimal Classification
Item type English Books
Call number suffix TYA
Classification part 394.50954
Holdings
Withdrawn status Lost status Not for loan Collection code Home library Current library Date acquired Source of acquisition Cost, normal purchase price Full call number Barcode Copy number Cost, replacement price Koha item type
      Non-fiction Central Library Central Library 02/02/2012 Allied Pub/1143/26.09.2011/04/15.09.2011/09.11.2011 750.00 394.50954 TYA B-445522 1 750.00 English Books
      Non-fiction Karol Bagh Karol Bagh 02/02/2012 Allied Pub/1143/26.09.2011/04/15.09.2011/09.11.2011 750.00 394.50954 TYA B-445525 1 750.00 English Books
      Non-fiction Patel Nagar Patel Nagar 02/02/2012 Allied Pub/1143/26.09.2011/04/15.09.2011/09.11.2011 750.00 394.50954 TYA B-445523 1 750.00 English Books
      Non-fiction Sarojini Nagar Sarojini Nagar 02/02/2012 Allied Pub/1143/26.09.2011/04/15.09.2011/09.11.2011 750.00 394.50954 TYA B-445524 1 750.00 English Books
      Non-fiction Shahdara Branch Shahdara Branch 02/02/2012 Allied Pub/1143/26.09.2011/04/15.09.2011/09.11.2011 750.00 394.50954 TYA B-445526 1 750.00 English Books

© Delhi Public Library
Hit Counter
free hit counter